000 00598nam a2200181Ia 4500
008 100920s9999 xx 000 0 und d
082 _b90008
_a891.461 थ 66
100 _aसुर्वे नारायण.
245 _aमाझें विद्यापीठ.
260 _bपॉप्युलर प्रकाशन,मुंबई.
_c1966
300 _a64
_bसाधी
365 _b0
520 _aपदय.
630 _aमाझें विद्यापीठ.
650 _aपदय.
730 _aमाझें विद्यापीठ.
942 _cBOOK
999 _c730499
_d730496